Pandémia len dočasne znížila záujem o manipulačnú techniku

Manipulačné vozíky so zabudovanou Li-Ion batériou ako aktuálny trend vo svete obchodovania s manipulačnou technológiou. Ich efektivita a ekologickosť, ako aj rôzne možnosti obnovenia jazdených vozíkov silne ovplyvňujú biznis. Servisné náklady vozíka.

Salvato in:
Dettagli Bibliografici
Autore principale: Szmrecsányi, Tomáš
Natura: Capitolo di libro
Lingua:slovacco
Soggetti:
Tags: Aggiungi Tag
Nessun Tag, puoi essere il primo ad aggiungerne!!

MARC

LEADER 00000naa a2200000 4500
001 0282852
005 20240417075200.2
041 0 |a slo 
044 |a CZ 
245 1 0 |a Pandémia len dočasne znížila záujem o manipulačnú techniku  |c Tomáš Szmrecsányi 
520 |a Manipulačné vozíky so zabudovanou Li-Ion batériou ako aktuálny trend vo svete obchodovania s manipulačnou technológiou. Ich efektivita a ekologickosť, ako aj rôzne možnosti obnovenia jazdených vozíkov silne ovplyvňujú biznis. Servisné náklady vozíka. 
610 2 0 |a manipulácia s tovarom 
610 2 0 |a pandémia 
610 2 0 |a logistika 
610 2 0 |a prostriedky dopravné 
610 2 0 |a elektrotechnika 
100 1 |a Szmrecsányi, Tomáš